Новые имена; Томский политехник; Вып. 11
| Parent link: | Томский политехник: ежегодный журнал/ Томский политехнический университет (ТПУ), Ассоциация выпускников.— , 1995- Вып. 11.— 2005.— [С. 48-51] |
|---|---|
| Prif Awdur: | |
| Crynodeb: | Заглавие с титульного листа Электронная версия печатной публикации |
| Iaith: | Rwseg Saesneg |
| Cyhoeddwyd: |
2005
|
| Cyfres: | Инновационный опыт |
| Pynciau: | |
| Mynediad Ar-lein: | Цветная версия без потери качества |
| Fformat: | MixedMaterials Electronig Pennod Llyfr |
| KOHA link: | https://koha.lib.tpu.ru/cgi-bin/koha/opac-detail.pl?biblionumber=198857 |
MARC
| LEADER | 00000nla2a2200000 4500 | ||
|---|---|---|---|
| 001 | 198857 | ||
| 005 | 20231031184110.0 | ||
| 035 | |a (RuTPU)RU\TPU\book\216870 | ||
| 035 | |a RU\TPU\book\216867 | ||
| 090 | |a 198857 | ||
| 100 | |a 20110711d2005 km y0rusy50 ca | ||
| 101 | 0 | |a rus |a eng | |
| 102 | |a RU | ||
| 135 | |a drnn ---uucaa | ||
| 181 | 0 | |a i | |
| 182 | 0 | |a b | |
| 200 | 1 | |a Новые имена |b Электронный ресурс |d New names |f Л. М. Зольникова | |
| 203 | |a Текст |c электронный | ||
| 215 | |a 1 файл (4.5 Мб) | ||
| 225 | 1 | |a Инновационный опыт | |
| 230 | |a Электронные текстовые данные (1 файл : 4.5 Мб) | ||
| 300 | |a Заглавие с титульного листа | ||
| 300 | |a Электронная версия печатной публикации | ||
| 337 | |a Adobe Reader | ||
| 461 | 1 | |0 (RuTPU)RU\TPU\book\202435 |t Томский политехник |o ежегодный журнал |f Томский политехнический университет (ТПУ), Ассоциация выпускников |d 1995- | |
| 463 | 1 | |0 (RuTPU)RU\TPU\book\216853 |t Вып. 11 |v [С. 48-51] |d 2005 |p 83 с. | |
| 510 | 1 | |a New names |z eng | |
| 601 | 0 | 2 | |a Томский политехнический университет (ТПУ) |c (1991-2009) |2 stltpush |3 (RuTPU)RU\TPU\col\376 |
| 610 | 1 | |a студенты | |
| 610 | 1 | |a политехники | |
| 610 | 1 | |a таланты | |
| 610 | 1 | |a достижения | |
| 610 | 1 | |a звания | |
| 610 | 1 | |a награды | |
| 610 | 1 | |a электронный ресурс | |
| 700 | 1 | |a Зольникова |b Л. М. |c начальник отдела |c отдел организации НИР студентов и молодых учёных Томского политехнического университета |g Людмила Михайловна |2 stltpush |3 (RuTPU)RU\TPU\pers\24485 | |
| 801 | 1 | |a RU |b 63413507 |c 20101101 | |
| 801 | 2 | |a RU |b 63413507 |c 20111116 |g RCR | |
| 856 | 4 | |u http://www.lib.tpu.ru/fulltext/v/Tomsk_polytechnic/2005/N11a9.pdf |z Цветная версия без потери качества | |
| 942 | |c CF | ||